Stati con il maggior numero di parlanti Portoghese - Statistics

Statistiche generali
  • Questo quiz è stato fatto 6 volte
  • Il punteggio medio è 9 su 10
Statistiche sulle risposte
Numero parlanti Continente Nazione % Corretto
203 000 000 America del Sud Brasile
100%
10 022 070 Europa Portogallo
100%
23 800 000 Africa Angola
83%
221 510 America del Nord Canada
83%
1 089 497 Europa Francia
83%
5 000 000 Africa Mozambico
83%
142 622 Europa Regno Unito
83%
746 018 America del Nord Stati Uniti
83%
309 270 Europa Svizzera
83%
214 000 Africa São Tomé e Principe
67%
Nessun quiz corrispondente trovato
Distribuzione punteggi
Percentuale di utenti per punteggio
Percentile per numero di risposta
I tuoi punteggi nel tempo
Non hai fatto questo quiz